| Tag |
First Indicator |
Second Indicator |
Subfields |
| LEADER |
00000cam a22000001a 4500 |
| 001 |
in00003051606 |
| 005 |
20190402184103.0 |
| 006 |
m o d |
| 007 |
cr un mmmapmmp |
| 008 |
070723s1912 dcu o f000 0 eng d |
| 035 |
|
|
|a cis2004146506
|
| 040 |
|
|
|a UMI
|c UMI
|d UtOrBLW
|
| 043 |
|
|
|a n-us---
|
| 099 |
|
|
|a ProQuest Serial Set Number 6503 H.doc.1177
|
| 110 |
1 |
|
|a United States.
|b Congress.
|b House.
|b Committee on Appropriations.
|
| 245 |
1 |
0 |
|a Letter from the Secretary of War, transmitting copy of communication from the Chief of Ordnance recommending certain additions to appropriation "Automatic machine rifles" in Army appropriation bill for the fiscal year ending June 30, 1914.
|
| 246 |
1 |
|
|a Recommendation relative to royalties on machine-guns
|
| 264 |
|
1 |
|a Washington :
|b [publisher not identified],
|c 1912.
|
| 300 |
|
|
|a 1 online resource.
|
| 336 |
|
|
|a text
|b txt
|2 rdacontent
|
| 337 |
|
|
|a computer
|b c
|2 rdamedia
|
| 338 |
|
|
|a online resource
|b cr
|2 rdacarrier
|
| 490 |
0 |
|
|a H.doc.1177
|
| 500 |
|
|
|a Record is based on bibliographic data in ProQuest U.S. Serial Set Digital Collection (last viewed July 2007). Reuse except for individual research requires license from ProQuest, LLC.
|
| 510 |
3 |
|
|a ProQuest U.S. Serial Set Digital Collection
|
| 500 |
|
|
|a Electronic resource.
|
| 650 |
|
0 |
|a Machine guns.
|
| 650 |
|
0 |
|a Military weapons.
|
| 655 |
|
7 |
|a Electronic books.
|2 local
|
| 710 |
2 |
|
|a ProQuest (Firm)
|
| 830 |
|
0 |
|a United States congressional serial set.
|
| 856 |
4 |
0 |
|u http://proxy.library.tamu.edu/login?url=http://congressional.proquest.com/congcomp/getdoc?SERIAL-SET-ID=6503+H.doc.1177
|z Connect to the full text of this electronic book
|t 0
|
| 999 |
|
|
|a MARS
|
| 999 |
f |
f |
|s b44fba4f-6686-30b2-88cd-04cf7e13af35
|i 00d53832-28dc-3137-bcbf-fbc148fbab1f
|t 0
|
| 952 |
f |
f |
|a Texas A&M University
|b College Station
|c Electronic Resources
|d Available Online
|t 0
|e ProQuest Serial Set Number 6503 H.doc.1177
|h Other scheme
|
| 998 |
f |
f |
|a ProQuest Serial Set Number 6503 H.doc.1177
|t 0
|l Available Online
|